Normal view MARC view
  • Blanco García, Abel

Entry Nombre Personal

Number of records used in: 1

001 - NUMERO DE CONTROL

  • campo de control: 46252

003 - IDENTIFICADOR DE NUMERO DE CONTROL

  • campo de control: DLC

005 - FECHA Y HORA DE LA ÜLTIMA TRANSACCIÓN

  • campo de control: 20220908141311.0

008 - DATOS DE LONGITUD FIJA

  • campo de control de longitud fija: 130717n| azannaabn || aaa d

010 ## - NÚMERO DE CONTROL DE LA BIBLIOTECA DEL CONGRESO

  • Número de control LC: no2013075963

035 ## - NUMERO DE CONTROL

  • Número de control: (OCoLC)oca09522004

040 ## - FUENTE DE CATALOGACIÓN

  • Agencia original de catalogación: NmU
  • Lenguaje de catalogación: spa
  • Description conventions: rda
  • Agencia de transcripción: NmU
  • Agencia que lo modifica: IEN
  • Agencia que lo modifica: MX-MxUPN

046 ## - FECHAS CON CODIFICACIÓN ESPECIAL

  • Fecha de nacimiento: 1963

053 ## - NÚMERO DE CLASIFICACIÓN LC

  • Número de clasificación elemento-número único o número inicial de tramo: PQ7298.418 L363

100 1# - ENCABEZAMIENTO - NOMBRE PERSONAL

  • Nombre personal: Blanco García, Abel

370 ## - LUGAR ASOCIADO

  • Place of birth: Oaxaca (México)

372 ## - CAMPO DE ACTIVIDAD

  • Field of activity: México -- Historia

373 ## - GRUPO ASOCIADO

  • Associated group: Universidad Pedagógica Nacional (México). Unidad 22A

374 ## - OCUPACIÓN

  • Occupation: Profesor

377 ## - LENGUA ASOCIADA

  • Language code: spa

670 ## - FUENTE EN LA QUE SE LOCALIZARON DATOS

  • Cita de la fuente: Formación docente en Querétaro, 2012:
  • Información localizada: portada (Abel Blanco García) solapa (b. in Jamiltepec, Oaxaca)

670 ## - FUENTE EN LA QUE SE LOCALIZARON DATOS

  • Cita de la fuente: Aunque sea fugaz, 1998:
  • Información localizada: portada (Abel Blanco García; nació en Oaxaca en 1963; normalista con especialidad en Historia y estudios de maestría en Ciencias de la educación; asesor académico de la Unidad 22A de la UPN y profesor de Historia de México en escuelas secundarias públicas)

902 ## - CATALOGADOR

  • Catalogador: VRC/080922